000 00671nam a22002177a 4500
005 20170124110231.0
010 _aB-120671
020 _c100.00
_a8190111833
035 _aB-120671
037 _bCen Lib/Ret
040 _aDPL
_bEN
082 _a909.095456
_bBUD
100 _aBuddhiraja, Raj
_941314
245 _aDelhi :
_cby Raj Buddhiraja
_ba view from yore /
260 _aNew Delhi
_bTej Prakashan
_c2003
270 _bNew Delhi
_e110002
_a23, Ansari Road, Darya Ganj
300 _ax,78p.
_c19cm(Hb)
650 _aBudhiraja, Raj, -- 1937
_941315
650 _aAuthors, Hindi -- Delhi -- Biography
_941316
942 _2ddc
_cEN
_h909.095456
_mBUD
999 _c134653
_d134653